Abbey Road Songs - Sudden Death - Statistics

General Stats
  • This quiz has been taken 44 times
  • The average score is 14 of 17
Answers on the Grid
Answers color-coded by a green-red scale on the quiz's grid according to % correct below.
Here Comes the Sun
Honey Pie
Because
Dig a Pony
Tomorrow Never Knows
You Never Give Me Your Money
Sun King
Oh! Darling
Don't Let Me Down
Dear Prudence
She Came in Through the Bathroom Window
Come Together
Golden Slumbers
Getting Better
Mean Mr. Mustard
Lovely Rita
Baby You're a Rich Man
Something
Octopus's Garden
One After 909
Only a Northern Song
Carry That Weight
The End
Her Majesty
Back in the U.S.S.R.
Across the Universe
The Long and Winding Road
Polythene Pam
I Want You (She's So Heavy)
Blackbird
The Ballad of John and Yoko
Maxwell's Silver Hammer
 
Answer Stats
Answer % Correct
Here Comes the Sun
92%
Come Together
86%
Golden Slumbers
84%
Octopus's Garden
84%
Oh! Darling
84%
Something
84%
Because
81%
Carry That Weight
81%
Her Majesty
81%
Mean Mr. Mustard
81%
She Came in Through the Bathroom Window
81%
Sun King
81%
The End
81%
I Want You (She's So Heavy)
78%
Maxwell's Silver Hammer
78%
Polythene Pam
78%
You Never Give Me Your Money
78%
No matching quizzes found
Score Distribution
Percent of People with Each Score
Percentile by Number Answered
Your Score History
You have not taken this quiz